| 000 | 00798nam a2200241Ia 4500 | ||
|---|---|---|---|
| 003 | OSt | ||
| 005 | 20260321115139.0 | ||
| 008 | 210716s2012 xx 000 0 und d | ||
| 020 | _a9780486498775 | ||
| 040 | _cAIMIT LIBRARY | ||
| 041 | _aeng | ||
| 082 |
_a511.3 _21 _bNARK |
||
| 100 |
_aNarendra, Kumpati S. _9258941 |
||
| 245 |
_aLearning automata : _bintroduction / _cBy Kumpati S Narendra and Mandayam A L Thathachar. |
||
| 250 | _a1st ed. | ||
| 260 |
_aNew York : _bDover publications , _c2012. |
||
| 300 |
_axiii,476p. ; _bPB _c23.2 cm |
||
| 650 |
_aThe learning automation _9258942 |
||
| 650 |
_aVariable structure stochastic automata _9258943 |
||
| 650 |
_aApplications of learning automata _9258944 |
||
| 700 |
_aThathachar, Mandayam A L. _9258945 |
||
| 942 |
_2ddc _cBK _e1st _k511.3 NARK |
||
| 999 |
_c194607 _d194607 |
||